South Eastern Kenya University

Library Online Public Access Catalogue


Calculus concepts : (Record no. 10735)

MARC details
000 -LEADER
fixed length control field 00577cam a2200181 a 4500
020 ## - ISBN
International Standard Book Number 0618121706 (hardcover)
020 ## - ISBN
International Standard Book Number 0618121757
020 ## - ISBN
International Standard Book Number 9780618121755
050 00 - LIBRARY OF CONGRESS CALL NUMBER
Classification Number QA303.2
Item Number .C35 2002
245 00 - TITLE
Title Calculus concepts :
Remainder of title an informal approach to the mathematics of change /
Statement of responsibility, etc Donald R. LaTorre ... [et al.].
250 ## - EDITIONSTATEMENT
Edition statement 2nd ed.
260 ## - PUBLICATION, DISTRIBUTION, ETC.(IMPRINT)
Place of publication, distribution, etc Boston :
Name of publisher, distributor, etc Houghton Mifflin Co.,
Date of publication, distribution, etc c2002.
300 ## - PHYSICAL DESCRIPTION
Extent 1 v. (various pagings) :
500 ## - GENERALNOTE
General note Includes index.
650 ## - SUBJECT--TOPIC
General subdivision Calculus ;
-- Calculus -- Study and teaching.
700 1# - ADDED ENTRY--PERSONAL AUTHOR
Personal Name LaTorre, D. R.
942 ## - ADDED ENTRY ELEMENTS(KOHA)
Source of classification or shelving scheme Library of Congress Classification
Koha item type General circulation
Holdings
Source of classification or shelving scheme Not for loan Location (home branch) Sublocation (holding branch) Shelving location Date accessioned Cost, normal purchase price Full call number Barcode Cost, replacement price Nonpublic note Koha item type Public note
Library of Congress Classification   Mtito Andei Centre Library Mtito Andei Centre Library   10/02/2016 1109.00 QA303.2 .C35 2002 2015/009248 1219.00 Nzk General circulation Nzk
Kitui, Kenya.
+254736116989
library@seku.ac.ke